000 01475nam a22002657a 4500
005 20100208094126.0
008 100208t xxu||||| |||| 00| 0 hin d
010 _aHIN-88970
020 _a9788188214809
_c200.00
035 _aHN-61316
037 _bDBAD / PUB
040 _aDPL
_bHN
082 _a250
100 _aअग्रवाल, गुंजन
_97766
245 _aभगवान बुद्ध और उनकी इतिहास-सम्मत तिथिः
_cगुंजन अग्रवाल
_b(एक ऐतिहासिक शौध एवं समीक्षात्मक अध्ययन) /
246 _aBhagvan Buddha aur unki Itihas Sammat Tithi
_bby Gunjan Aggaravala
260 _aइलाहाबाद
_bविभा प्रकाशन
_c2009
270 _a50, चाहचन्द
_bइलाहाबाद
_e211003
300 _a176पृ
_c22सेमी (सजिल्द)
500 _a(बहुजन हिताय बहुजन सुखाय, धर्मचक्र प्रवर्तनाय)
650 _2बुद्द ध्रर्म
650 _2Buddism
942 _2ddc
_cHN
_mअग्रवा
999 _c33715
_d33715